Top 30 NHL Players By Rating (NHL 25) - Statistics

General Stats
  • This quiz has been taken 248 times
  • The average score is 13 of 30
Answer Stats
Overall Player % Correct
97 Connor McDavid
99%
96 Nathan MacKinnon
92%
95 Cale Makar
90%
95 Leon Draisaitl
87%
95 Auston Matthews
81%
94 Jack Hughes
78%
94 Quinn Hughes
78%
94 Sidney Crosby
73%
95 Nikita Kucherov
70%
95 David Pastrnak
63%
92 Matthew Tkachuk
62%
94 Aleksander Barkov
61%
93 Mikko Rantanen
61%
95 Artemi Panarin
59%
92 Victor Hedman
48%
92 Adam Fox
45%
93 Roman Josi
42%
93 Kirill Kaprizov
41%
92 Miro Heiskanen
31%
92 J.T. Miller
26%
91 Mitch Marner
7%
91 Jack Eichel
4%
91 Kyle Connor
4%
91 Sebastian Aho
4%
91 William Nylander
4%
91 Elias Pettersson
3%
91 Jason Robertson
3%
92 Brayden Point
2%
92 Charlie MacAvoy
1%
91 Sam Reinhart
1%
No matching quizzes found
Score Distribution
Percent of People with Each Score
Percentile by Number Answered
Your Score History
You have not taken this quiz